| 000 | 01938nam a2200373 a 4500 | ||
|---|---|---|---|
| 001 | ebr10611577 | ||
| 003 | CaPaEBR | ||
| 006 | m u | ||
| 007 | cr cn||||||||| | ||
| 008 | 120127s2013 nyu sb 001 0deng d | ||
| 010 | _z 2012003481 | ||
| 020 | _z9780823243495 (cloth : alk. paper) | ||
| 040 |
_aCaPaEBR _cCaPaEBR |
||
| 035 | _a(OCoLC)823654933 | ||
| 050 | 1 | 4 |
_aBS1238.S24 _bS36 2013eb |
| 082 | 0 | 4 |
_a222/.11092 _223 |
| 100 | 1 | _aSchoenfeld, Devorah. | |
| 245 | 1 | 0 |
_aIsaac on Jewish and Christian altars _h[electronic resource] : _bpolemic and exegesis in Rashi and the Glossa ordinaria / _cDevorah Schoenfeld. |
| 250 | _a1st ed. | ||
| 260 |
_aNew York : _bFordham University Press, _c2013. |
||
| 300 | _a229 p. | ||
| 440 | 0 | _aFordham series in medieval studies | |
| 504 | _aIncludes bibliographical references and index. | ||
| 505 | 0 | _aThe developing Jewish-Christian polemic -- Rashi and his sources -- The sources and manuscript evolution of the Glossa ordinaria on Genesis 22 -- Isaac on Jewish and Christian altars: polemic, faith, and sacrifice in Rashi and the Gloss on Genesis 22 -- Appendixes: A critical edition of the Glossa ordinaria on Genesis 22: 1,19 -- Major manuscript variants in Rashi's commentary on Genesis 22. | |
| 533 |
_aElectronic reproduction. _bPalo Alto, Calif. : _cebrary, _d2011. _nAvailable via World Wide Web. _nAccess may be limited to ebrary affiliated libraries. |
||
| 600 | 0 | 0 |
_aIsaac _c(Biblical patriarch) _xSacrifice. |
| 600 | 0 | 0 |
_aRashi, _d1040-1105. _tPerush Rashi �al ha-Torah. |
| 630 | 0 | 0 |
_aBible. _pO.T. _pGenesis XXII, 1-19 _xCriticism, interpretation, etc. |
| 630 | 0 | 0 | _aGlossa ordinaria. |
| 650 | 0 |
_aJudaism _xControversial literature _xHistory and criticism. |
|
| 655 | 7 |
_aElectronic books. _2local |
|
| 710 | 2 | _aebrary, Inc. | |
| 856 | 4 | 0 |
_uhttp://site.ebrary.com/lib/rucke/Doc?id=10611577 _zAn electronic book accessible through the World Wide Web; click to view |
| 999 |
_c103824 _d103824 |
||